Sports Quiz

Random Sports or Olympics Quiz

Olympics Race - With Olympic Fanfare Quiz Stats

 Plays Quiz Updated Aug 14, 2016

Challenge
Share
Tweet
Score 0/22 Timer 02:00
1 Play Today
Clue Answer % Correct
Jamaican multiple gold-medalist sprinter: Usain ___Bolt
98.2%
2008 Summer host COUNTRY: ___China
91.2%
2000 Summer host COUNTRY: ___Australia
85.1%
In 2016, Wu Minxia won gold for the 4th straight Olympics in this aquatic sport: ___Diving
82%
Great Britain rode and jumped to the most medals in this 2012 sport: ___Equestrian
81.4%
2004 Summer host COUNTRY: ___Greece
80.2%
2012 Summer host CITY: ___London
79.7%
In 2016, this small country won its first ever medal (Gold, in Rugby sevens): ___Fiji
79.6%
2016 Summer host CITY: ___ de JaneiroRio
74.8%
Spanish Tennis Singles gold-medalist (2008): Rafael ___Nadal
73.2%
Athlete with the all-time most Olympic medals: Michael ___Phelps
73.1%
Clue Answer % Correct
Since 2000, Japan has won 32 medals in this sport: ___Judo
68.8%
Great Britain’s Jessica Ennis won gold in 2012 in this 7-event sport:Heptathlon
63.8%
2006 Winter host COUNTRY: ___Italy
60.6%
2002 Winter host US STATE: ___Utah
60.1%
2014 Winter host CITY: ___Sochi
57.2%
'Bouncy' gymnastics sport discipline introduced at 2000 Olympics: ___Trampoline
53.6%
2010 Winter host CITY: ___Vancouver
50.4%
This country won the 2012 Men's Football gold medal: ___Mexico
46.5%
U.S. Speedskating gold-medalist (2002, 2006): Apolo Anton ___Ohno
45.8%
Any 'w' sport added for Women to the Olympics since 2000: ___Water Polo, Weightlifting, Wrestling
39.3%
In 2000, Aidyn Smagulov won the 1st medal for this recently independent country: ___Kyrgyzstan
32.8%

You're not logged in!

Compare scores with friends on all Sporcle quizzes.
OR
Log In

You Might Also Like...

Show Comments

Extras

Top Quizzes Today


Score Distribution

Your Account Isn't Verified!

In order to create a playlist on Sporcle, you need to verify the email address you used during registration. Go to your Sporcle Settings to finish the process.

Report this User

Report this user for behavior that violates our Community Guidelines.

Details: